Splatoon 3 Main, Sub and Special Weapons - Statistics

General Stats
  • This quiz has been taken 48 times
  • The average score is 83 of 98
Answer Stats
Answer % Correct
Splattershot
100%
Splat Bomb
97%
Dynamo Roller
94%
Ink Mine
94%
REEF-LUX 450
94%
Slosher
94%
Splatana Stamper
94%
Splat Roller
94%
Splatterscope
94%
Splattershot Jr.
94%
Suction Bomb
94%
Triple Inkstrike
94%
Tri-Stringer
94%
Undercover Brella
94%
Autobomb
91%
Bamboozler 14 Mk I
91%
Blaster
91%
Carbon Roller
91%
E-liter 4K
91%
Inkbrush
91%
Luna Blaster
91%
Octobrush
91%
Rapid Blaster
91%
Sloshing Machine
91%
Splatana Wiper
91%
Splat Brella
91%
Splat Dualies
91%
Tenta Brella
91%
Zipcaster
91%
Big Bubbler
88%
Booyah Bomb
88%
Burst Bomb
88%
Curling Bomb
88%
Explosher
88%
Flingza Roller
88%
Heavy Splatling
88%
Hydra Splatling
88%
Mini Splatling
88%
Mint Decavitator
88%
Painbrush
88%
Point Sensor
88%
Splat Charger
88%
Sploosh-o-matic
88%
Squeezer
88%
Tri-Slosher
88%
Trizooka
88%
Aerospray MG
85%
Ballpoint Splatling
85%
Classic Squiffer
85%
Crab Tank
85%
Dapple Dualies
85%
Dark Tetra Dualies
85%
E-liter 4K Scope
85%
Goo Tuber
85%
Killer Wail 5.1
85%
Nautilus 47
85%
Range Blaster
85%
Splash-o-matic
85%
Splattershot Pro
85%
Triple Splashdown
85%
Angle Shooter
82%
Big Swig Roller
82%
Bloblobber
82%
Clash Blaster
82%
Dread Wringer
82%
Fizzy Bomb
82%
Ink Storm
82%
Rapid Blaster Pro
82%
Recycled Brella 24 Mk I
82%
Splash Wall
82%
Splattershot Nova
82%
Torpedo
82%
Ultra Stamp
82%
Wave Breaker
82%
.52 Gal
79%
.96 Gal
79%
Douser Dualies FF
79%
Heavy Edit Splatling
79%
Jet Squelcher
79%
Kraken Royale
79%
N-ZAP 85
79%
Reefslider
79%
Snipewriter 5H
79%
Squid Beakon
79%
Tacticooler
79%
Dualie Squelchers
76%
Glooga Dualies
76%
Inkjet
76%
Ink Vac
76%
Super Chump
76%
Tenta Missiles
76%
Toxic Mist
76%
Wellstring V
76%
Sprinkler
73%
H-3 Nozzlenose
70%
L-3 Nozzlenose
70%
Splattercolor Screen
70%
S-BLAST 92
67%
No matching quizzes found
Score Distribution
Percent of People with Each Score
Percentile by Number Answered
Your Score History
You have not taken this quiz